[Event "HUN-chT 1920"]
[Site "Hungary"]
[Date "2020.09.13"]
[Round "9.1"]
[White "Kallai, Gabor"]
[Black "Mihok, Oliver"]
[Result "1-0"]
[WhiteElo "2459"]
[BlackElo "2559"]
[PlyCount "107"]
[EventDate "2019.11.16"]
[EventType "team-tourn"]
[EventRounds "9"]
[EventCountry "HUN"]
[SourceTitle "EXT 2021"]
[Source "ChessBase"]
[SourceDate "2020.10.23"]
[SourceVersion "1"]
[SourceVersionDate "2020.10.23"]
[SourceQuality "1"]
[WhiteTeam "Budapest MTK"]
[BlackTeam "Mako Duocor"]
[WhiteTeamCountry "HUN"]
[BlackTeamCountry "HUN"]

1. d4 Nf6 2. Nf3 g6 3. g3 Bg7 4. Bg2 0-0 5. 0-0 d6 6. b3 e5 7. dxe5 dxe5 8. Ba3 Qxd1 9. Rxd1 Re8 10. Nc3 e4 11. Ng5 h6 12. Ngxe4 Nxe4 13. Nxe4 f5 14. Nc5 Bxa1 15. Rxa1 Rxe2 16. Nxb7 Bd7 17. Na5 c6 18. Rc1 Be6 19. Bf1 Re5 20. Nc4 Rd5 21. Re1 Bf7 22. Nd6 Nd7 23. Nxf7 Kxf7 24. Bc4 Re8 25. Bxd5+ cxd5 26. Rxe8 Kxe8 27. f3 Kf7 28. Kf2 Ke6 29. Ke3 Ne5 30. Bb2 Nc6 31. a3 h5 32. b4 a6 33. Bd4 Nd8 34. Bb6 Nf7 35. Bc7 Kd7 36. Bb8 Kc8 37. Ba7 Kb7 38. Bc5 Kc6 39. h4 Nd8 40. Kd4 Nf7 41. c3 g5 42. f4 gxh4 43. gxh4 Nh8 44. Ke5 Ng6+ 45. Kxf5 Nxh4+ 46. Kg5 Ng2 47. Bf2 Kd7 48. f5 Ke7 49. Kxh5 Nf4+ 50. Kg4 Nd3 51. Bd4 Nb2 52. Kf4 Nd3+ 53. Kg5 Kf7 54. a4 1-0

[Event "HUN-chT 1920"]
[Site "Hungary"]
[Date "2020.02.02"]
[Round "5.3"]
[White "Stankovic, Milos"]
[Black "Kallai, Gabor"]
[Result "1/2-1/2"]
[WhiteElo "2468"]
[BlackElo "2459"]
[PlyCount "64"]
[EventDate "2019.11.16"]
[EventType "team-tourn"]
[EventRounds "9"]
[EventCountry "HUN"]
[SourceTitle "CBM 194 Extra"]
[Source "ChessBase"]
[SourceDate "2020.03.31"]
[SourceVersion "1"]
[SourceVersionDate "2020.03.31"]
[SourceQuality "1"]
[WhiteTeam "Maroczy"]
[BlackTeam "Budapest MTK"]
[WhiteTeamCountry "HUN"]
[BlackTeamCountry "HUN"]

1. d4 d5 2. c4 dxc4 3. e3 Nf6 4. Bxc4 e6 5. Nf3 c5 6. 0-0 a6 7. a4 Nc6 8. Nc3 Be7 9. Qe2 cxd4 10. Rd1 e5 11. exd4 exd4 12. Nxd4 Nxd4 13. Qe5 Qd6 14. Qxd4 Qxd4 15. Rxd4 Bc5 16. Rf4 Bd6 17. Rf3 Be6 18. Bxe6 fxe6 19. Bf4 Rd8 20. Re1 Ke7 21. g3 Rhe8 22. Bg5 Kf7 23. Ne4 Be7 24. Rc1 Rd7 25. Rc4 e5 26. Kg2 Ke6 27. Nc3 Red8 28. Re3 Rd4 29. Rc7 R4d7 30. Rc4 Rd4 31. Rc7 R4d7 32. Rc4 Rd4 1/2-1/2

[Event "HUN-chT 1920"]
[Site "Hungary"]
[Date "2019.11.16"]
[Round "1.3"]
[White "Jovanovic, Zoran"]
[Black "Kallai, Gabor"]
[Result "1-0"]
[WhiteElo "2512"]
[BlackElo "2459"]
[PlyCount "39"]
[EventDate "2019.11.16"]
[EventType "team-tourn"]
[EventRounds "9"]
[EventCountry "HUN"]
[SourceTitle "CBM 193 Extra"]
[Source "ChessBase"]
[SourceDate "2020.01.31"]
[SourceVersion "1"]
[SourceVersionDate "2020.01.31"]
[SourceQuality "1"]
[WhiteTeam "Dunaharaszti"]
[BlackTeam "Budapest MTK"]
[WhiteTeamCountry "HUN"]
[BlackTeamCountry "HUN"]

1. e4 c5 2. Nc3 e6 3. Nge2 Nc6 4. g3 d5 5. exd5 exd5 6. d4 Bg4 7. Bg2 Nxd4 8. h3 Bf3 9. Kf1 Nf6 10. Bxf3 Nxf3 11. Nf4 Nd4 12. Be3 g5 13. Nfxd5 Nxd5 14. Bxd4 Rg8 15. Qe2+ Be7 16. Re1 Nxc3 17. Bxc3 Rg6 18. Qf3 Qd7 19. Bf6 0-0-0 20. Bxe7 1-0

[Event "HUN-chT2 Maroczy 1819"]
[Site "Hungary"]
[Date "2019.02.10"]
[Round "7.1"]
[White "Baratosi, Daniel"]
[Black "Kallai, Gabor"]
[Result "1/2-1/2"]
[WhiteElo "2375"]
[BlackElo "2468"]
[PlyCount "58"]
[EventDate "2018.09.23"]
[EventType "team-tourn"]
[EventRounds "11"]
[EventCountry "HUN"]
[SourceTitle "EXT 2020"]
[Source "ChessBase"]
[SourceDate "2019.10.17"]
[SourceVersion "1"]
[SourceVersionDate "2019.10.17"]
[SourceQuality "1"]
[WhiteTeam "Szigetszentmiklos"]
[BlackTeam "Budapest MTK"]
[WhiteTeamCountry "HUN"]
[BlackTeamCountry "HUN"]

1. e4 c5 2. Nc3 e6 3. Nf3 a6 4. d4 cxd4 5. Nxd4 b5 6. Bd3 Qb6 7. Be3 Bc5 8. Be2 Nc6 9. Nxc6 dxc6 10. Bxc5 Qxc5 11. Qd3 e5 12. Qg3 g6 13. Nd5 Qd6 14. Nb6 Rb8 15. Rd1 Qe7 16. Nxc8 Rxc8 17. Qh3 Rc7 18. 0-0 Nf6 19. Qh4 0-0 20. Rd2 Rd8 21. Rxd8+ Qxd8 22. Rd1 Qe7 23. c3 Kg7 24. f3 Rd7 25. Rxd7 Qxd7 26. Qg5 Qd6 27. Qe3 c5 28. Kf1 c4 29. b4 Nd7 1/2-1/2

[Event "HUN-chT2 Maroczy 1819"]
[Site "Hungary"]
[Date "2018.11.18"]
[Round "4.1"]
[White "Kallai, Gabor"]
[Black "Neugebauer, Martin"]
[Result "1/2-1/2"]
[WhiteElo "2468"]
[BlackElo "2466"]
[PlyCount "49"]
[EventDate "2018.09.23"]
[EventType "team-tourn"]
[EventRounds "11"]
[EventCountry "HUN"]
[SourceTitle "EXT 2020"]
[Source "ChessBase"]
[SourceDate "2019.10.17"]
[SourceVersion "1"]
[SourceVersionDate "2019.10.17"]
[SourceQuality "1"]
[WhiteTeam "Budapest MTK"]
[BlackTeam "Lillafured DVTK II"]
[WhiteTeamCountry "HUN"]
[BlackTeamCountry "HUN"]

1. d4 Nf6 2. c4 e6 3. g3 c5 4. Nf3 cxd4 5. Nxd4 Bb4+ 6. Nc3 0-0 7. Bg2 d5 8. cxd5 Nxd5 9. Bd2 Nxc3 10. bxc3 Be7 11. 0-0 e5 12. Nc2 Na6 13. Nb4 Nc5 14. Be3 Rb8 15. Qc1 Be6 16. Rd1 Qa5 17. Nd5 Rfe8 18. Qb2 Bxd5 19. Rxd5 Qc7 20. c4 Red8 21. Rad1 b6 22. Bxc5 Bxc5 23. Qb5 Rxd5 24. Bxd5 Qe7 25. Qc6 1/2-1/2

[Event "HUN-chT 1718"]
[Site "Hungary"]
[Date "2017.11.26"]
[Round "2.1"]
[White "Kallai, Gabor"]
[Black "Gledura, Benjamin"]
[Result "1/2-1/2"]
[WhiteElo "2475"]
[BlackElo "2605"]
[PlyCount "93"]
[EventDate "2017.11.25"]
[EventType "team-tourn"]
[EventRounds "9"]
[EventCountry "HUN"]
[SourceTitle "CBM 181 Extra"]
[Source "ChessBase"]
[SourceDate "2017.12.12"]
[SourceVersion "1"]
[SourceVersionDate "2017.12.12"]
[SourceQuality "1"]
[WhiteTeam "Budapest MTK"]
[BlackTeam "Husi"]
[WhiteTeamCountry "HUN"]
[BlackTeamCountry "HUN"]

1. d4 Nf6 2. c4 d6 3. Nc3 Nbd7 4. e4 e5 5. Nf3 g6 6. Be2 Bg7 7. 0-0 0-0 8. Be3 Qe7 9. dxe5 dxe5 10. Nd5 Qd8 11. Qc2 Ng4 12. Bg5 f6 13. Bd2 c6 14. Ne3 Nc5 15. h3 Nxe3 16. Bxe3 Qe7 17. b4 Ne6 18. c5 a5 19. a3 f5 20. Bc4 Kh8 21. Rad1 axb4 22. axb4 fxe4 23. Nd2 Nd4 24. Bxd4 exd4 25. Nxe4 Bf5 26. Bd3 Ra3 27. Rfe1 Qh4 28. Ng3 Bxd3 29. Rxd3 Rc3 30. Qe2 Qf4 31. Ne4 Rxd3 32. Qxd3 Re8 33. g3 Qf5 34. Kg2 Qd5 35. Re2 Rb8 36. Kh2 b6 37. cxb6 Rxb6 38. Nc5 Rb8 39. Re4 Qa2 40. Qf3 Qd5 41. Qe2 Rf8 42. h4 Kg8 43. Nd3 Qf5 44. Nf4 Qb5 45. Nd3 Qf5 46. Nf4 Qb5 47. Nd3 1/2-1/2

[Event "HUN-chT2 Charousek 1516"]
[Site "Hungary"]
[Date "2016.02.28"]
[Round "6.1"]
[White "Kallai, Gabor"]
[Black "Jakab, Attila"]
[Result "1-0"]
[WhiteElo "2459"]
[BlackElo "2369"]
[PlyCount "55"]
[EventDate "2015.10.18"]
[EventType "team-tourn"]
[EventRounds "9"]
[EventCountry "HUN"]
[SourceTitle "EXT 2017"]
[Source "ChessBase"]
[SourceDate "2016.10.25"]
[SourceVersion "1"]
[SourceVersionDate "2016.10.25"]
[SourceQuality "1"]
[WhiteTeam "Budapest MTK"]
[BlackTeam "Balatonfuered"]
[WhiteTeamCountry "HUN"]
[BlackTeamCountry "HUN"]

1. Nf3 e6 2. g3 b6 3. Bg2 Bb7 4. c4 Nf6 5. 0-0 Be7 6. d4 0-0 7. Re1 d5 8. cxd5 exd5 9. Nc3 Re8 10. Ne5 Bd6 11. Bg5 Bxe5 12. dxe5 Rxe5 13. Bxf6 Qxf6 14. Nxd5 Bxd5 15. Bxd5 c6 16. Bf3 Re6 17. Rc1 Na6 18. Qc2 g6 19. Red1 Qe7 20. e3 Rf6 21. Bg2 Rc8 22. Rd2 Nc5 23. Rcd1 a5 24. Rd4 Kg7 25. Qc3 Rc7 26. b3 h5 27. Rd6 Nd7 28. f4 1-0

[Event "HUN-chT2 Erkel 1415"]
[Site "Hungary"]
[Date "2015.04.26"]
[Round "9.1"]
[White "Boricsev, Oleg"]
[Black "Kallai, Gabor"]
[Result "1/2-1/2"]
[WhiteElo "2365"]
[BlackElo "2464"]
[PlyCount "23"]
[EventDate "2014.09.28"]
[EventType "team-tourn"]
[EventRounds "9"]
[EventCountry "HUN"]
[SourceTitle "EXT 2016"]
[Source "ChessBase"]
[SourceDate "2015.10.08"]
[SourceVersion "1"]
[SourceVersionDate "2015.10.08"]
[SourceQuality "1"]
[WhiteTeam "Matra"]
[BlackTeam "Budapest MTK"]
[WhiteTeamCountry "HUN"]
[BlackTeamCountry "HUN"]

1. e4 c6 2. d4 d5 3. exd5 cxd5 4. Bd3 Nc6 5. c3 Nf6 6. h3 g6 7. Nf3 Bg7 8. 0-0 Ne4 9. Bxe4 dxe4 10. Ng5 Qd5 11. Re1 f5 12. f3 1/2-1/2

[Event "HUN-chT2 Erkel 1415"]
[Site "Hungary"]
[Date "2014.10.11"]
[Round "1.1"]
[White "Bednay, Dezso"]
[Black "Kallai, Gabor"]
[Result "1/2-1/2"]
[WhiteElo "2287"]
[BlackElo "2464"]
[PlyCount "89"]
[EventDate "2014.09.28"]
[EventType "team-tourn"]
[EventRounds "9"]
[EventCountry "HUN"]
[SourceTitle "EXT 2016"]
[Source "ChessBase"]
[SourceDate "2015.10.08"]
[SourceVersion "1"]
[SourceVersionDate "2015.10.08"]
[SourceQuality "1"]
[WhiteTeam "BEAC"]
[BlackTeam "Budapest MTK"]
[WhiteTeamCountry "HUN"]
[BlackTeamCountry "HUN"]

1. e4 c5 2. Nf3 d6 3. d4 cxd4 4. Nxd4 Nf6 5. f3 e5 6. Nb3 Be6 7. c4 a5 8. Be3 Nbd7 9. Be2 Be7 10. Nc3 a4 11. Nd2 Qa5 12. 0-0 0-0 13. Rc1 Bd8 14. Nd5 Bxd5 15. cxd5 Bb6 16. Nc4 Bxe3+ 17. Nxe3 Rfc8 18. Kh1 Nc5 19. Rc2 Ne8 20. Qc1 Qd8 21. Rc3 Rab8 22. Nc2 Qa5 23. Qe3 Nd7 24. Na3 Rxc3 25. Qxc3 Qxc3 26. bxc3 Kf8 27. Kg1 Rc8 28. Nb5 Ke7 29. Rb1 Nc5 30. Kf2 g6 31. g4 Ng7 32. Ke3 Rf8 33. Bd3 h5 34. h3 hxg4 35. hxg4 Rh8 36. Rb2 Rh3 37. c4 Nxd3 38. Kxd3 Rxf3+ 39. Ke2 Rg3 40. Rb4 f5 41. gxf5 gxf5 42. exf5 Nxf5 43. Rxa4 Kf6 44. Ra8 e4 45. Re8 1/2-1/2

[Event "FRA-chT Top 12"]
[Site "Haguenau"]
[Date "2013.06.04"]
[Round "6.4"]
[White "Kallai, Gabor"]
[Black "Paci, Cedric"]
[Result "1-0"]
[WhiteElo "2473"]
[BlackElo "2326"]
[PlyCount "103"]
[EventDate "2013.05.30"]
[EventType "team-tourn"]
[EventRounds "11"]
[EventCountry "FRA"]
[SourceTitle "CBM 154 Extra"]
[Source "ChessBase"]
[SourceDate "2013.06.25"]
[SourceVersion "2"]
[SourceVersionDate "2013.06.25"]
[SourceQuality "1"]
[WhiteTeam "Strasbourg"]
[BlackTeam "Vandoeuvre"]
[WhiteTeamCountry "FRA"]
[BlackTeamCountry "FRA"]

1. d4 e6 2. c4 Nf6 3. g3 Bb4+ 4. Nd2 d5 5. Bg2 0-0 6. Ngf3 dxc4 7. Qc2 Nc6 8. e3 e5 9. dxe5 Ng4 10. 0-0 Ngxe5 11. Nxe5 Nxe5 12. Nxc4 Nxc4 13. Qxc4 Qe7 14. e4 Be6 15. Qe2 Rad8 16. Be3 Bc5 17. Rfc1 Bd4 18. Rd1 c5 19. h3 b6 20. Bxd4 Rxd4 21. Rxd4 cxd4 22. Qd2 Rd8 23. b3 Qd6 24. Kh2 f6 25. Bf1 Bf7 26. Rc1 h6 27. Bd3 Re8 28. Qc2 Qe7 29. Kg2 Bg6 30. f3 Bf7 31. Qc7 Be6 32. Qxe7 Rxe7 33. g4 g5 34. f4 Kg7 35. Kf3 h5 36. f5 hxg4+ 37. hxg4 Bd5 38. Rc8 Bb7 39. Rd8 Rc7 40. Rxd4 Kf8 41. Rd6 Ke7 42. Re6+ Kf7 43. Bc4 Kg7 44. Ke3 Rd7 45. e5 fxe5 46. Rg6+ Kh7 47. Rxg5 Rd4 48. f6 Re4+ 49. Kd2 Rd4+ 50. Kc3 Bf3 51. f7 Rf4 52. Rg8 1-0

[Event "HUN-chT2 Maroczy 1213"]
[Site "Hungary"]
[Date "2013.03.24"]
[Round "9"]
[White "Kallai, Gabor"]
[Black "Horvath, Jozsef"]
[Result "0-1"]
[WhiteElo "2481"]
[BlackElo "2532"]
[PlyCount "42"]
[EventDate "2012.09.16"]
[EventType "team-tourn"]
[EventRounds "11"]
[EventCountry "HUN"]
[SourceTitle "EXT 2014"]
[Source "ChessBase"]
[SourceDate "2013.11.20"]
[SourceVersion "1"]
[SourceVersionDate "2013.11.20"]
[SourceQuality "1"]
[WhiteTeam "Roeszke"]
[BlackTeam "Sarkany"]
[WhiteTeamCountry "HUN"]
[BlackTeamCountry "HUN"]

1. d4 e6 2. c4 f5 3. Nf3 Nf6 4. g3 Be7 5. d5 Bb4+ 6. Bd2 Qe7 7. Bg2 exd5 8. cxd5 Nxd5 9. 0-0 Bxd2 10. Nbxd2 Nf6 11. Nd4 d5 12. Qc2 g6 13. b4 c6 14. Rab1 0-0 15. e3 Nbd7 16. Rfc1 Ne4 17. Nf1 a5 18. a3 Ne5 19. f3 Nd6 20. Qc5 axb4 21. axb4 Nd3 0-1

[Event "HUN-chT2 Maroczy 1213"]
[Site "Hungary"]
[Date "2013.01.27"]
[Round "6"]
[White "Kallai, Gabor"]
[Black "Martini, Balazs"]
[Result "1-0"]
[WhiteElo "2481"]
[BlackElo "2307"]
[PlyCount "109"]
[EventDate "2012.09.16"]
[EventType "team-tourn"]
[EventRounds "11"]
[EventCountry "HUN"]
[SourceTitle "EXT 2014"]
[Source "ChessBase"]
[SourceDate "2013.11.20"]
[SourceVersion "1"]
[SourceVersionDate "2013.11.20"]
[SourceQuality "1"]
[WhiteTeam "Roeszke"]
[BlackTeam "Hobagoly"]
[WhiteTeamCountry "HUN"]
[BlackTeamCountry "HUN"]

1. Nf3 Nf6 2. c4 g6 3. Nc3 Bg7 4. e4 d6 5. d4 0-0 6. Be2 Bg4 7. Be3 Nfd7 8. Ng1 Bxe2 9. Ngxe2 Nc6 10. 0-0 e5 11. Qd2 exd4 12. Nxd4 Nde5 13. b3 Ng4 14. Bg5 Qe8 15. Nde2 Qe5 16. Bf4 Qe6 17. f3 Nf6 18. Nd5 Qd7 19. Bh6 Nxd5 20. Bxg7 Kxg7 21. cxd5 Ne7 22. Rac1 c5 23. dxc6 bxc6 24. Rfd1 Rfd8 25. e5 d5 26. Nd4 Rac8 27. Rc5 Nf5 28. Rdc1 Nxd4 29. Qxd4 Kg8 30. h3 Re8 31. f4 h5 32. b4 Qb7 33. a3 Qb6 34. Kh2 Rcd8 35. R1c3 Re6 36. Rg3 Kf8 37. Kh1 Ke7 38. Rg5 Rd7 39. f5 gxf5 40. Rxh5 Kd8 41. Rxf5 Rde7 42. b5 Kc7 43. Qxd5 Qxb5 44. Rxb5 cxd5 45. Rxd5 Kc6 46. Rd3 Rxe5 47. Rxe5 Rxe5 48. Kh2 a5 49. h4 Kc5 50. Kh3 f5 51. h5 Kc4 52. Rf3 Kd4 53. Kh4 Ke4 54. h6 Re8 55. Kh5 1-0

[Event "HUN-chT2 Maroczy 1112"]
[Site "Hungary"]
[Date "2012.05.06"]
[Round "10"]
[White "Boricsev, Oleg"]
[Black "Kallai, Gabor"]
[Result "0-1"]
[WhiteElo "2388"]
[BlackElo "2458"]
[PlyCount "100"]
[EventDate "2011.09.25"]
[EventType "team-tourn"]
[EventRounds "11"]
[EventCountry "HUN"]
[SourceTitle "EXT 2013"]
[Source "ChessBase"]
[SourceDate "2012.11.22"]
[SourceVersion "1"]
[SourceVersionDate "2012.11.22"]
[SourceQuality "1"]
[WhiteTeam "Fuezesabony"]
[BlackTeam "Roszke"]
[WhiteTeamCountry "HUN"]
[BlackTeamCountry "HUN"]

1. e4 c6 2. Nf3 d5 3. Nc3 Bg4 4. h3 Bh5 5. exd5 cxd5 6. Bb5+ Nc6 7. g4 Bg6 8. Ne5 Rc8 9. h4 f6 10. Nxg6 hxg6 11. d4 e6 12. Be3 Bb4 13. Qd3 Kf7 14. Bd2 Nge7 15. Ne2 Bxd2+ 16. Qxd2 Qb6 17. Bxc6 Qxb2 18. Qd1 Rxc6 19. c3 Qb6 20. Rb1 Qc7 21. Qd3 Rb6 22. Rxb6 Qxb6 23. h5 gxh5 24. Rxh5 Rxh5 25. gxh5 Qb2 26. h6 Qa1+ 27. Kd2 Qxa2+ 28. Ke1 Qa1+ 29. Kd2 Qb2+ 30. Ke1 gxh6 31. Qh7+ Ke8 32. Qh8+ Kd7 33. Qxf6 a5 34. Nf4 Qxc3+ 35. Kf1 Qc6 36. Kg2 b6 37. Nd3 Qd6 38. Ne5+ Kc7 39. Nf7 Qd7 40. Ne5 Qe8 41. Qxh6 Nf5 42. Qc1+ Kb7 43. Qc3 Qc8 44. Qb2 Qg8+ 45. Kf1 Qh7 46. Kg1 Qg7+ 47. Kf1 Qh6 48. Kg1 Qg5+ 49. Kf1 Qh4 50. Qb5 Qh1+ 0-1

[Event "HUN-chT2 Maroczy 1112"]
[Site "Hungary"]
[Date "2012.03.25"]
[Round "8"]
[White "Kallai, Gabor"]
[Black "Berebora, Ferenc"]
[Result "1-0"]
[WhiteElo "2458"]
[BlackElo "2407"]
[PlyCount "75"]
[EventDate "2011.09.25"]
[EventType "team-tourn"]
[EventRounds "11"]
[EventCountry "HUN"]
[SourceTitle "EXT 2013"]
[Source "ChessBase"]
[SourceDate "2012.11.22"]
[SourceVersion "1"]
[SourceVersionDate "2012.11.22"]
[SourceQuality "1"]
[WhiteTeam "Roszke"]
[BlackTeam "Kisujszallas"]
[WhiteTeamCountry "HUN"]
[BlackTeamCountry "HUN"]

1. c4 g6 2. Nc3 c5 3. Nf3 Bg7 4. d4 cxd4 5. Nxd4 Nc6 6. Nc2 d6 7. e4 Nh6 8. Bg5 f6 9. Bd2 f5 10. exf5 Nxf5 11. Be2 0-0 12. 0-0 Be6 13. Ne3 Qd7 14. Rc1 Ncd4 15. Nxf5 Bxf5 16. Be3 Nxe2+ 17. Qxe2 a6 18. Qd2 Rae8 19. Bd4 Be6 20. Rfe1 Rf5 21. a4 Bf8 22. b3 d5 23. Qe3 Bf7 24. g4 e5 25. gxf5 exd4 26. Qxd4 Qxf5 27. Nxd5 Qg5+ 28. Kh1 Re6 29. h4 Qf5 30. Rxe6 Qh3+ 31. Kg1 Bxe6 32. Re1 Bh6 33. Nf6+ Kf7 34. Nxh7 Qf5 35. Qe4 Bd2 36. Ng5+ Bxg5 37. Qxf5+ Bxf5 38. hxg5 1-0

[Event "HUN-chT2 Maroczy 1112"]
[Site "Hungary"]
[Date "2012.01.29"]
[Round "5"]
[White "Paschall, William M"]
[Black "Kallai, Gabor"]
[Result "1/2-1/2"]
[WhiteElo "2384"]
[BlackElo "2458"]
[PlyCount "43"]
[EventDate "2011.09.25"]
[EventType "team-tourn"]
[EventRounds "11"]
[EventCountry "HUN"]
[SourceTitle "EXT 2013"]
[Source "ChessBase"]
[SourceDate "2012.11.22"]
[SourceVersion "1"]
[SourceVersionDate "2012.11.22"]
[SourceQuality "1"]
[WhiteTeam "Lila Futo"]
[BlackTeam "Roszke"]
[WhiteTeamCountry "HUN"]
[BlackTeamCountry "HUN"]

1. Nf3 c5 2. c4 Nc6 3. Nc3 Nf6 4. g3 e6 5. Bg2 d5 6. cxd5 exd5 7. d4 Be7 8. 0-0 0-0 9. Bg5 cxd4 10. Nxd4 h6 11. Bf4 Bg4 12. h3 Be6 13. Nxe6 fxe6 14. e4 d4 15. e5 dxc3 16. exf6 Bxf6 17. bxc3 Bxc3 18. Rb1 Qxd1 19. Rfxd1 Rf7 20. Rxb7 Rxb7 21. Bxc6 Rab8 22. Bxb8 1/2-1/2

[Event "HUN-chT2 Maroczy 1112"]
[Site "Hungary"]
[Date "2011.10.30"]
[Round "2"]
[White "Dovzik, Juri"]
[Black "Kallai, Gabor"]
[Result "0-1"]
[WhiteElo "2341"]
[BlackElo "2458"]
[PlyCount "68"]
[EventDate "2011.09.25"]
[EventType "team-tourn"]
[EventRounds "11"]
[EventCountry "HUN"]
[SourceTitle "EXT 2013"]
[Source "ChessBase"]
[SourceDate "2012.11.22"]
[SourceVersion "1"]
[SourceVersionDate "2012.11.22"]
[SourceQuality "1"]
[WhiteTeam "Kazincbarcika"]
[BlackTeam "Roszke"]
[WhiteTeamCountry "HUN"]
[BlackTeamCountry "HUN"]

1. d4 d5 2. Nf3 Nf6 3. c4 c6 4. cxd5 cxd5 5. Nc3 Nc6 6. Bf4 Nh5 7. Bd2 e6 8. e3 Bd6 9. Be2 Nf6 10. 0-0 0-0 11. a3 a6 12. b4 Ne4 13. Be1 f5 14. Qb3 Qf6 15. Nxe4 fxe4 16. Nd2 Bd7 17. Rc1 Qh6 18. g3 Ne7 19. f3 exf3 20. Nxf3 Nf5 21. Bf2 Qg6 22. Ne5 Bxe5 23. dxe5 Bb5 24. Bxb5 axb5 25. e4 dxe4 26. Bc5 Rfd8 27. Rcd1 h5 28. Rxd8+ Rxd8 29. Rd1 Rxd1+ 30. Qxd1 h4 31. g4 Qg5 32. Kg2 Nh6 33. Kh3 Nf7 34. Qd7 Qxg4+ 0-1

[Event "FRA-chT Top 12"]
[Site "Mulhouse"]
[Date "2011.06.05"]
[Round "11.4"]
[White "Dubessay, Bastien"]
[Black "Kallai, Gabor"]
[Result "0-1"]
[WhiteElo "2325"]
[BlackElo "2460"]
[PlyCount "145"]
[EventDate "2011.05.26"]
[EventType "team-tourn"]
[EventRounds "11"]
[EventCountry "FRA"]
[SourceTitle "CBM 142 Extra"]
[Source "ChessBase"]
[SourceDate "2011.06.27"]
[SourceVersion "1"]
[SourceVersionDate "2011.06.27"]
[SourceQuality "1"]
[WhiteTeam "De Rueil Malmaison"]
[BlackTeam "Strasbourg"]
[WhiteTeamCountry "FRA"]
[BlackTeamCountry "FRA"]

1. d4 d5 2. c4 dxc4 3. Nf3 Nf6 4. e3 Bg4 5. Bxc4 e6 6. 0-0 a6 7. Nc3 Nc6 8. Be2 Bd6 9. b3 0-0 10. Bb2 Qe7 11. h3 Bf5 12. Nd2 e5 13. d5 Nb8 14. e4 Bg6 15. Bf3 Nbd7 16. Re1 Bc5 17. Nc4 Rfe8 18. Rc1 Rac8 19. a3 Bd4 20. Nb1 Bxb2 21. Nxb2 c6 22. dxc6 Rxc6 23. Rxc6 bxc6 24. Qe2 a5 25. Nc4 Ra8 26. Nbd2 Nc5 27. Qe3 a4 28. b4 Ncd7 29. Qc3 Qe6 30. Rc1 h5 31. Na5 Nb8 32. Nxc6 Nxc6 33. Qxc6 Qxc6 34. Rxc6 Rd8 35. Nc4 Bxe4 36. Bxe4 Nxe4 37. f3 Rd1+ 38. Kh2 Nc3 39. h4 f6 40. Nb6 Nb5 41. Nxa4 Nxa3 42. Rc3 Nb5 43. Rc8+ Kh7 44. Rb8 Nd6 45. Nc5 Rd4 46. Kh3 Rc4 47. Rb6 Nf5 48. Ne4 Rc1 49. Ng3 Ne3 50. Rb7 Kg6 51. Ne4 Rc2 52. Nc5 Nxg2 53. Ne6 Nf4+ 54. Nxf4+ exf4 55. Rd7 Kh6 56. b5 Rb2 57. Rd5 Rb4 58. Rc5 Rb3 59. Kg2 Rb2+ 60. Kh3 g5 61. Rc6 Kg6 62. hxg5 Kxg5 63. Rc5+ Kg6 64. Rd5 Rb3 65. Kh4 Rb1 66. Kh3 Rb2 67. Rc5 f5 68. Rd5 Kg5 69. Rc5 Re2 70. Rc1 Rb2 71. Rc5 Kf6 72. Rc6+ Ke5 73. Rc5+ 0-1

[Event "FRA-chT Top 12"]
[Site "Mulhouse"]
[Date "2011.06.03"]
[Round "9.5"]
[White "Kallai, Gabor"]
[Black "Marcelin, Cyril"]
[Result "1/2-1/2"]
[WhiteElo "2460"]
[BlackElo "2482"]
[PlyCount "133"]
[EventDate "2011.05.26"]
[EventType "team-tourn"]
[EventRounds "11"]
[EventCountry "FRA"]
[SourceTitle "CBM 142 Extra"]
[Source "ChessBase"]
[SourceDate "2011.06.27"]
[SourceVersion "1"]
[SourceVersionDate "2011.06.27"]
[SourceQuality "1"]
[WhiteTeam "Strasbourg"]
[BlackTeam "Noyon"]
[WhiteTeamCountry "FRA"]
[BlackTeamCountry "FRA"]

1. d4 d5 2. c4 e6 3. Nf3 Nf6 4. e3 a6 5. Nc3 dxc4 6. a4 c5 7. Bxc4 Nc6 8. 0-0 cxd4 9. exd4 Be7 10. Bg5 0-0 11. Qd2 Nb4 12. Rad1 b6 13. Rfe1 Bb7 14. Ne5 Nbd5 15. f3 Rc8 16. Qe2 Nxc3 17. bxc3 b5 18. axb5 axb5 19. Bxb5 Nd5 20. Bd2 Rxc3 21. Nd7 Re8 22. Nc5 Bxc5 23. dxc5 Rxc5 24. Bxe8 Qxe8 25. Rb1 Qc6 26. Rec1 h6 27. Rxc5 Qxc5+ 28. Qf2 Qxf2+ 29. Kxf2 Ba6 30. Rb8+ Kh7 31. Ra8 Bd3 32. Ra7 Bg6 33. Bc1 Kg8 34. Bb2 Kh7 35. Rb7 Kg8 36. Be5 Kh7 37. g4 Kg8 38. Kg3 f6 39. Bb2 e5 40. Ba3 Nf4 41. Rb8+ Kh7 42. Bc5 Bf7 43. Be3 Ne6 44. Kf2 Bg6 45. Rc8 Bf7 46. Ke2 Bg6 47. h4 Bf7 48. Ra8 Bg6 49. Ra7 Kg8 50. Kd2 Kf8 51. Rd7 Be8 52. Rd6 Ke7 53. Rb6 Bg6 54. Kc3 Bf7 55. Kb4 Bg6 56. Rb7+ Kf8 57. Kc3 Bf7 58. Rb8+ Ke7 59. Kd3 Bg6+ 60. Kc4 Bf7 61. Kb5 Be8+ 62. Kb6 Ba4 63. Rb7+ Kf8 64. Rb8+ Kf7 65. Rb7+ Kf8 66. Rb8+ Kf7 67. Rb7+ 1/2-1/2

[Event "FRA-chT Top 12"]
[Site "Mulhouse"]
[Date "2011.05.30"]
[Round "5"]
[White "Fedorchuk, Sergey A"]
[Black "Kallai, Gabor"]
[Result "1-0"]
[WhiteElo "2654"]
[BlackElo "2460"]
[PlyCount "85"]
[EventDate "2011.05.26"]
[EventType "team-tourn"]
[EventRounds "11"]
[EventCountry "FRA"]
[SourceTitle "CBM 142 Extra"]
[Source "ChessBase"]
[SourceDate "2011.06.27"]
[SourceVersion "1"]
[SourceVersionDate "2011.06.27"]
[SourceQuality "1"]
[WhiteTeam "Evry Grand Roque"]
[BlackTeam "Strasbourg"]
[WhiteTeamCountry "FRA"]
[BlackTeamCountry "FRA"]

1. e4 c6 2. d4 d5 3. Nd2 dxe4 4. Nxe4 Nd7 5. Ng5 Ngf6 6. Bd3 g6 7. N1f3 Bg7 8. Qe2 0-0 9. Ne5 h6 10. Ngf3 c5 11. Bc4 Nxe5 12. dxe5 Nd5 13. h3 Be6 14. 0-0 Qc7 15. c3 Rad8 16. Re1 a6 17. a4 Bf5 18. Nh4 Be6 19. f4 Qd7 20. Rf1 Kh7 21. a5 Nc7 22. Be3 Bxc4 23. Qxc4 Ne6 24. f5 Qd3 25. Qxd3 Rxd3 26. Rae1 gxf5 27. Nxf5 Rd5 28. Nxe7 Rxe5 29. Nf5 c4 30. Bb6 Rb5 31. Re2 Be5 32. Ne3 Nf4 33. Rd2 Rc8 34. Ng4 f6 35. Nxf6+ Bxf6 36. Rxf4 Bg5 37. Rd7+ Kg6 38. Rd6+ Kh5 39. Rf3 Rxb2 40. Bf2 Rxf2 41. Kxf2 Rc5 42. g4+ Kh4 43. Rf5 1-0